| 000 | 00568nas a22002051i#4500 | ||
|---|---|---|---|
| 001 | 2619 | ||
| 003 | ES-MaACL | ||
| 005 | 20250709062524.0 | ||
| 007 | t| | ||
| 008 | 950801d1878 sp | | 1 ||pa d | ||
| 080 | _a(059) | ||
| 245 | 0 | 0 | _aAlmanaque histórico, político, científico y literario de "El Globo" para... |
| 260 |
_aMadrid : _bEl Globo, _c1878- ( _fImp. de la Sociedad Tipográfica) |
||
| 300 |
_a327 p. : _bil. ; _c23 cm. |
||
| 310 | _aAnual | ||
| 362 | 0 | _aAño 1 (1878)- | |
| 852 |
_aES-MaACL _jT-381-F-1 |
||
| 866 | 1 | _o1878. | |
| 999 |
_c2619 _d2619 |
||